Las batallas perdidas (Registro nro. 37681)

Detalles MARC
000 -CABECERA
Longitud fija campo de control 00978cam a2200253 c 4500
003 - • IDENTIFICADOR DELl NÚMERO DE CONTROL
Identificador del número de control CO-ViMGA
005 - • FECHA Y HORA DE LA ÚLTIMA TRANSACCIÓN
Fecha y hora de la última transacción 20230915234241.0
008 - • CÓDIGOS DE INFORMACIÓN DE LONGITUD FIJA
Códigos de información de longitud fija 110207s2010 sp a | |||| 000 f spa
020 ## - • NÚMERO INTERNACIONAL NORMALIZADO PARA LIBROS
Número Internacional Normalizado para Libros (ISBN) 9788415130000
040 ## - FUENTE DE LA CATALOGACIÓN
Centro catalogador de origen CO-ViMGA
Lengua de catalogación spa
Centro transcriptor CO-ViMGA
041 1# - • CÓDIGO DE LENGUA
Código de lengua original spa
-- eng
082 04 - • NÚMERO DE LA CLASIFICACIÓN DECIMAL DEWEY
Número de clasificación (R) 821.111
Número del ítem W46b
100 1# - • PUNTO DE ACCESO PRINCIPAL-NOMBRE DE PERSONA
Nombre de persona Welty, Eudora
Fechas asociadas al nombre 1909-2001
240 10 - • TÍTULO UNIFORME
Título uniforme <a href="Losing battles">Losing battles</a>
245 14 - • TITULO PROPIAMENTE DICHO
Título Las batallas perdidas
Medio [Texto impreso]
Mención de responsabilidad, etc. Eudora Welty ; traducción̤ del ingleš a cargo de Miguel Martn̕ez-Lage
250 ## - • MENCI&Oacute;N DE EDICI&Oacute;N
Mención de edición 1a. ed.
300 ## - • DESCRIPCI&Oacute;N F&Iacute;SICA
Extensión 572 p.
Otras características físicas mapa
Dimensiones 22 cm
505 ## - • NOTA DE CONTENIDO CON FORMATO
Nota de contenido con formato Una novela fascinante en la que los secretos familiares se mezclan con historias de derrotas que pasan de padres a hijos. Un tapiz riquisimo de un Sur que ya no existe mas que en los libros- el testimonio de una estirpe condenada a desaparecer.
650 14 - • PUNTO DE ACCESO ADICIONAL DE MATERIA - T&Eacute;RMINO DE MATERIA
Término de materia o nombre geográfico como elemento inicial Literatura Universal
650 14 - • PUNTO DE ACCESO ADICIONAL DE MATERIA - T&Eacute;RMINO DE MATERIA
Término de materia o nombre geográfico como elemento inicial Novela
942 ## - ENTRADA DE ELEMENTOS AGREGADOS (KOHA)
Fuente de clasificaión o esquema Dewey Decimal Classification
Existencias
Perdido Fuente de clasificaci&oacute;n o esquema Estado Físico No para pr&eacute;stamo Forma de adquisición Localizaci&oacute;n permanente Localizaci&oacute;n actual Fecha adquisici&oacute;n Fuente de adquisici&oacute;n Coste, precio normal de compra Pr&eacute;stamos totales Signatura completa C&oacute;digo de barras Fecha &uacute;ltima consulta N&uacute;mero de copia Fecha del precio de reemplazo Tipo de item de Koha
  Dewey Decimal Classification     Sala General Segundo Piso Biblioteca Pública Germán Arciniegas - Villavicencio Biblioteca Pública Germán Arciniegas - Villavicencio 10/27/2016 Donación 5000.00   821.111 W46b 31121 10/27/2016 Ej. 1 10/27/2016 LIbro









Instituto Departamental de Cultura del Meta - Red Departamental de Bibliotecas Públicas del Meta.